000 01160nam a2200253 4500
008 230516s2023 xxk||||| |||| 00| 0 eng d
020 _a9781915976062
041 _aeng
050 _aF692.5
110 _aBuilding Cost Information Service
245 _aAlterations and refurbishment price book
_bMaintenance and operating costs
_c2024
250 _a29th
260 _aLondon
_bBCIS
_cAugust 2023
300 _a1 v.
_c30 cm
520 _aIntended for use on projects consisting entirely or substantially of alterations and improvements to existing buildings from simply taking a door and blocking up the opening to projects up to £180,000 in value. Each section provides details of labour time together a detailed cost analysis of work it into labour, plant and material totalled to show a competitive and realistic total unit price. The base date used for materials is the second quarter 2023
520 _aSupersedes 28th ed ISBN 9781783214693
650 _aAlterations
650 _aRefurbishment
650 _aBuilding costs
650 _aPrice books
651 _aUnited Kingdom
690 _96233
_aCost management
942 _n0
999 _c121869
_d121869